|
|
|
|
| LEADER |
01468nam a22003974a 4500 |
| 001 |
EBC3050560 |
| 003 |
MiAaPQ |
| 005 |
20200520144314.0 |
| 006 |
m o d | |
| 007 |
cr cn||||||||| |
| 008 |
030306s2003 dcua sbs i001 0 eng |
| 010 |
|
|
|z 2003045032
|
| 020 |
|
|
|z 0821354736
|
| 035 |
|
|
|a (MiAaPQ)EBC3050560
|
| 035 |
|
|
|a (Au-PeEL)EBL3050560
|
| 035 |
|
|
|a (CaPaEBR)ebr10038984
|
| 035 |
|
|
|a (CaONFJC)MIL8673
|
| 035 |
|
|
|a (OCoLC)922951582
|
| 040 |
|
|
|a MiAaPQ
|c MiAaPQ
|d MiAaPQ
|
| 050 |
|
4 |
|a HF1611
|b .S73 2003
|
| 082 |
0 |
4 |
|a 382/.3/096
|2 21
|
| 245 |
0 |
0 |
|a Standards and global trade
|h [electronic resource] :
|b a voice for Africa /
|c [editors, John S. Wilson and Victor O. Abiola].
|
| 246 |
1 |
4 |
|a Standards & global trade
|
| 260 |
|
|
|a Washington, D.C. :
|b World Bank,
|c c2003.
|
| 300 |
|
|
|a liv, 434 p. :
|b ill.
|
| 504 |
|
|
|a Includes bibliographical references and index.
|
| 533 |
|
|
|a Electronic reproduction. Ann Arbor, MI : ProQuest, 2015. Available via World Wide Web. Access may be limited to ProQuest affiliated libraries.
|
| 650 |
|
0 |
|a Exports
|z Africa.
|
| 650 |
|
0 |
|a Quality control
|z Africa.
|
| 650 |
|
0 |
|a Export marketing
|z Africa.
|
| 651 |
|
0 |
|a Africa
|x Foreign economic relations.
|
| 655 |
|
4 |
|a Electronic books.
|
| 700 |
1 |
|
|a Wilson, John S.
|q (John Sullivan)
|
| 700 |
1 |
|
|a Abiola, Victor O.,
|d 1975-
|
| 710 |
2 |
|
|a ProQuest (Firm)
|
| 856 |
4 |
0 |
|u https://ebookcentral.proquest.com/lib/matrademy/detail.action?docID=3050560
|z Click to View
|